[Event "Beloeil CC-ch"]
[Site "Beloeil CAN"]
[Date "1996.11.05"]
[Round "5"]
[White "Gardner, Robert"]
[Black "Mikanovic, Goran"]
[Result "0-1"]
[WhiteElo "2083"]
[BlackElo "2335"]
[PlyCount "90"]
[EventDate "1996.10.01"]
[EventType "swiss"]
[EventRounds "6"]
[EventCountry "CAN"]

1. e4 c5 2. Nf3 e6 3. d4 cxd4 4. Nxd4 a6 5. Bd3 g6 6. c4 Bg7 7. Be3 d5 8. cxd5
exd5 9. exd5 Nf6 10. Qa4+ Nbd7 11. Ne6 fxe6 12. dxe6 O-O 13. exd7 Bxd7 14. Qb3+
Kh8 15. Nc3 Ng4 16. O-O-O Nxf2 17. Bxf2 Rxf2 18. Be4 Qg5+ 19. Kb1 Bc6 20. Qb6
Bxc3 21. Qxf2 Bxe4+ 22. Ka1 Bg7 23. Rhg1 Qa5 24. Qd2 Qxd2 25. Rxd2 Bc6 26. Re1
Rf8 27. a3 Kg8 28. Ka2 Rf7 29. Kb3 Bf8 30. Kc4 Rf4+ 31. Kc3 a5 32. g3 Rf3+ 33.
Kc4 a4 34. Ree2 Kg7 35. Rf2 Rxf2 36. Rxf2 h5 37. b4 axb3 38. Kxb3 Bc5 39. Rc2
Bd4 40. a4 Kf6 41. Kc4 Bg1 42. a5 Kf5 43. h3 Ke4 44. Rc3 Bd4 45. Ra3 Bb2 0-1

[Event "Beloeil CC-ch"]
[Site "Beloeil CAN"]
[Date "1996.11.05"]
[Round "5"]
[White "Leveille, Francois"]
[Black "Wenaas, Eric"]
[Result "0-1"]
[WhiteElo "2344"]
[BlackElo "2057"]
[PlyCount "116"]
[EventDate "1996.10.01"]
[EventType "swiss"]
[EventRounds "6"]
[EventCountry "CAN"]

1. e4 e5 2. Nf3 Nc6 3. Nc3 Nf6 4. Bb5 d6 5. d4 exd4 6. Qxd4 Bd7 7. Bxc6 Bxc6 8.
b3 Be7 9. Bb2 O-O 10. O-O-O Re8 11. h4 Bf8 12. h5 h6 13. Rh4 Qd7 14. Rd3 a6 15.
Nd2 Re5 16. Rdh3 Rg5 17. Rh2 Re8 18. f3 Rge5 19. Nc4 R5e6 20. Ne3 d5 21. Nexd5
Nxd5 22. exd5 Rd6 23. Rh1 Bxd5 24. Nxd5 Rxd5 25. Qc3 Rd8 26. Qe1 Qf5 27. Rg4
Rc5 28. Qe4 Qxe4 29. fxe4 Rg5 30. Rxg5 hxg5 31. g4 Re8 32. e5 Bc5 33. Rd1 Be3+
34. Kb1 Re7 35. Rd8+ Kh7 36. Rb8 b6 37. Rb7 Bf4 38. Bc3 Bxe5 39. Bxe5 Rxe5 40.
Rxc7 f6 41. Rc6 Re4 42. Rxb6 Rxg4 43. Rxa6 Rh4 44. Kc1 g4 45. Ra4 f5 46. Kd2
Rh2+ 47. Ke3 Rxc2 48. Kf4 Rf2+ 49. Kg3 Rf3+ 50. Kg2 Kh6 51. Ra7 Kxh5 52. Rxg7
Rc3 53. Rg8 Kh4 54. Rh8+ Kg5 55. Ra8 Rc2+ 56. Kf1 Kf4 57. Ra5 g3 58. b4 Rb2 0-1

[Event "Beloeil CC-ch"]
[Site "Beloeil CAN"]
[Date "1996.11.12"]
[Round "6"]
[White "Charest, Johanne"]
[Black "Gardner, Robert"]
[Result "1/2-1/2"]
[WhiteElo "1831"]
[BlackElo "2187"]
[PlyCount "81"]
[EventDate "1996.10.01"]
[EventType "swiss"]
[EventRounds "6"]
[EventCountry "CAN"]

1. e4 c5 2. Nc3 Nc6 3. g3 g6 4. Bg2 Bg7 5. d3 Rb8 6. Be3 b5 7. Qd2 b4 8. Nd1 d6
9. Ne2 e5 10. f3 Be6 11. O-O f5 12. f4 Nge7 13. fxe5 Nxe5 14. Bh6 O-O 15. Bxg7
Kxg7 16. Nf4 Qd7 17. Ne3 fxe4 18. Nxe6+ Qxe6 19. Bxe4 d5 20. Bg2 d4 21. Rfe1
Nf3+ 22. Bxf3 Rxf3 23. Nc4 Qf6 24. Qe2 Nc6 25. Rf1 Rf8 26. Rxf3 Qxf3 27. Qxf3
Rxf3 28. Re1 Rf7 29. Re6 Rf6 30. Re8 Rf8 31. Rxf8 Kxf8 32. Nd6 Ne5 33. h3 a6
34. Kf2 Ke7 35. Ne4 Nd7 36. Nd2 Ke6 37. Nc4 Kd5 38. Ke2 Nf6 39. Nb6+ Kc6 40.
Nc4 Kd5 41. Nb6+ 1/2-1/2

[Event "Bistro #10"]
[Site "Trois-Riviers CAN"]
[Date "1996.04.13"]
[Round "6"]
[White "Picard, Jean"]
[Black "Deschesnes, Jean"]
[Result "1-0"]
[WhiteElo "1890"]
[BlackElo "1735"]
[PlyCount "49"]
[EventDate "1996.04.13"]
[EventType "swiss"]
[EventRounds "6"]
[EventCountry "CAN"]

1. e4 c5 2. d4 cxd4 3. c3 dxc3 4. Bc4 e6 5. Nxc3 d6 6. Nf3 Nc6 7. O-O Nf6 8.
Qe2 a6 9. Rd1 Qc7 10. Bf4 Be7 11. e5 dxe5 12. Nxe5 Nxe5 13. Bxe5 Qa5 14. Rd3 b5
15. Bb3 Bb7 16. Rad1 b4 17. Bxf6 Bxf6 18. Nd5 Bxd5 19. Rxd5 Qb6 20. Rd6 Qc7 21.
Rxe6+ fxe6 22. Qxe6+ Kf8 23. Rd7 Qxd7 24. Qxd7 Be7 25. Qe6 1-0

[Event "Blunenose CC-ch"]
[Site "Halifax CAN"]
[Date "1996.??.??"]
[Round "?"]
[White "Brennan, James"]
[Black "Mayo, Alvah"]
[Result "1/2-1/2"]
[WhiteElo "1827"]
[BlackElo "1983"]
[PlyCount "113"]
[EventDate "1996.??.??"]
[EventCountry "CAN"]
[Source "ChessBase"]
[SourceDate "2001.11.25"]

1. d4 Nf6 2. Nf3 g6 3. Bg5 Bg7 4. Nbd2 d6 5. e4 O-O 6. c3 Nbd7 7. Bc4 e5 8.
dxe5 Nxe5 9. Nxe5 dxe5 10. Qb3 c6 11. a4 Qc7 12. O-O Re8 13. Rad1 Be6 14. f3 h6
15. Be3 Nh5 16. Rf2 Nf4 17. Bxe6 Rxe6 18. Nc4 b6 19. Rfd2 Qe7 20. g3 Nh3+ 21.
Kg2 Ng5 22. h4 Nh7 23. Rd7 Qf6 24. R1d3 Bf8 25. Qd1 g5 26. Nd6 Bxd6 27. R3xd6
gxh4 28. Rxe6 fxe6 29. f4 Qg6 30. Qf3 Rf8 31. g4 h5 32. f5 exf5 33. exf5 Qxg4+
34. Qxg4+ hxg4 35. Rxa7 Rxf5 36. Bxb6 h3+ 37. Kh2 Ng5 38. Rd7 Nf3+ 39. Kg3 h2
40. Rd1 Rf4 41. a5 Ra4 42. Rh1 Kf7 43. b4 Ke6 44. Kxg4 e4 45. Kf4 Kd5 46. Bc5
Ra2 47. c4+ Kxc4 48. Kxe4 Nd2+ 49. Kf4 Nb3 50. Bd6 Kd5 51. Be7 Rc2 52. Kg3 Nd4
53. Bc5 Nb3 54. Be7 Nd4 55. Bc5 Ne6 56. Be7 Nd4 57. Bc5 1/2-1/2

[Event "Brantford-Tch"]
[Site "Brantford CAN"]
[Date "1996.??.??"]
[Round "?"]
[White "Sengupta, Oveek"]
[Black "Ooms, Andy"]
[Result "1-0"]
[WhiteElo "2145"]
[BlackElo "2220"]
[PlyCount "85"]
[EventDate "1996.??.??"]
[EventType "team"]
[EventRounds "5"]
[EventCountry "CAN"]
[Source "ChessBase"]
[SourceDate "2000.11.22"]

1. e4 e5 2. Nf3 Nc6 3. Bc4 Nf6 4. Ng5 d5 5. exd5 Nxd5 6. d4 f6 7. Qf3 Nxd4 8.
Qxd5 Qxd5 9. Bxd5 Nxc2+ 10. Kd1 fxg5 11. Kxc2 Bf5+ 12. Kd1 Bxb1 13. Rxb1 O-O-O
14. Bxg5 Rxd5+ 15. Ke2 h6 16. Be3 Bc5 17. Rbc1 Bd4 18. Rc2 c5 19. Rhc1 b6 20.
b4 Kd7 21. bxc5 Bxc5 22. Bxc5 Rxc5 23. Rxc5 bxc5 24. Rxc5 Kd6 25. Ra5 Rb8 26.
Rxa7 g6 27. Ra6+ Kd5 28. Rxg6 Kd4 29. Rd6+ Ke4 30. f3+ Kf5 31. g4+ Kf4 32. Rf6+
Kg5 33. Rf5+ Kg6 34. a4 Ra8 35. Rxe5 Rxa4 36. h4 Ra2+ 37. Ke3 Kf6 38. Rf5+ Kg6
39. Kf4 Ra4+ 40. Kg3 Kg7 41. Rh5 Ra6 42. g5 Kg6 43. Rxh6+ 1-0

[Event "British Columbia Amateur"]
[Site "Vancouver CAN"]
[Date "1996.12.27"]
[Round "3"]
[White "Neumann, Ralph"]
[Black "Woodward, Greg"]
[Result "0-1"]
[WhiteElo "1861"]
[BlackElo "2019"]
[PlyCount "61"]
[EventDate "1996.12.26"]
[EventType "swiss"]
[EventRounds "5"]
[EventCountry "CAN"]
[Source "CFC"]
[SourceDate "1997.02.01"]

1. c4 Nf6 2. d4 g6 3. Nc3 Bg7 4. e4 d6 5. Be2 O-O 6. Bf4 c6 7. Qd2 Re8 8. Rd1
a6 9. a4 Qa5 10. h4 e5 11. dxe5 dxe5 12. Bg5 Nbd7 13. h5 Nc5 14. hxg6 fxg6 15.
Bxf6 Bxf6 16. Qh6 Qc7 17. Nf3 Ne6 18. g3 Qg7 19. Qe3 Nd4 20. Qc1 Bg4 21. Nxd4
exd4 22. Bxg4 dxc3 23. Qe3 cxb2 24. Ke2 Rad8 25. f4 Bd4 26. Qf3 Qe7 27. f5
Qxe4+ 28. Qxe4 Rxe4+ 29. Kf3 Rde8 30. fxg6 hxg6 31. Kg2 0-1

[Event "Bugs op 2"]
[Site "Quebec CAN"]
[Date "1996.04.30"]
[Round "2"]
[White "Michaud, Jacques"]
[Black "Bleau, John"]
[Result "1-0"]
[WhiteElo "1488"]
[BlackElo "1766"]
[PlyCount "75"]
[EventDate "1996.04.30"]
[EventType "swiss"]
[EventRounds "5"]
[EventCountry "CAN"]

1. c4 Nf6 2. e3 g6 3. b4 Bg7 4. Bb2 O-O 5. Nf3 b6 6. g3 Bb7 7. Bg2 c5 8. b5 d5
9. cxd5 Bxd5 10. O-O Bc4 11. d3 Bxb5 12. Ne5 Nd5 13. Qb3 Bxe5 14. Bxe5 Bc6 15.
e4 Nb4 16. Rd1 Nd7 17. Bf4 e5 18. Bh6 Re8 19. a3 Na6 20. Nd2 Nf8 21. Nf3 Nc7
22. Ng5 Nfe6 23. f4 Qd4+ 24. Kh1 Ba4 25. Qa2 Bxd1 26. Rxd1 Rad8 27. Nf3 Qa4 28.
Qa1 exf4 29. gxf4 Nd4 30. Ne5 Re6 31. Bh3 Qc2 32. Bxe6 Ncxe6 33. f5 Nb3 34.
fxe6 Nxa1 35. exf7+ Kh8 36. Rf1 Rf8 37. Bxf8 h5 38. Bg7+ 1-0

[Event "Burlington op"]
[Site "Burlington CAN"]
[Date "1996.??.??"]
[Round "?"]
[White "Acker, Robert"]
[Black "Jung, Hans"]
[Result "1-0"]
[WhiteElo "2109"]
[BlackElo "2327"]
[PlyCount "104"]
[EventDate "1996.??.??"]
[EventType "swiss"]
[EventRounds "5"]
[EventCountry "CAN"]

1. Nf3 Nc6 2. d4 d5 3. Bf4 Bg4 4. Nbd2 f6 5. c3 Qd7 6. b4 a6 7. a4 g6 8. h3 Bf5
9. Nb3 e6 10. e3 g5 11. Bh2 h5 12. Bd3 Be4 13. Ke2 Qg7 14. b5 Nd8 15. Bxe4 dxe4
16. Nfd2 Qd7 17. bxa6 Rxa6 18. Nxe4 Rxa4 19. Qd3 b6 20. h4 gxh4 21. Bf4 Rxa1
22. Rxa1 f5 23. Ng5 Bd6 24. Ra8 Bxf4 25. exf4 Nf6 26. c4 Qc6 27. Rxd8+ Kxd8 28.
Nf7+ Ke7 29. Nxh8 Qxg2 30. Nd2 Qg7 31. Qa3+ Kd7 32. Nf3 Ng4 33. Qa4+ Ke7 34.
Qa8 Kd7 35. d5 exd5 36. Qxd5+ Kc8 37. Nf7 h3 38. Qa8+ Kd7 39. N3e5+ Nxe5 40.
Nxe5+ Ke7 41. Qa3+ Ke6 42. Qxh3 Qh8 43. Qf3 Qe8 44. Qd5+ Kf6 45. Kf3 h4 46. Kg2
Kg7 47. Kh3 Kh6 48. Kxh4 Kg7 49. Kg5 Qe7+ 50. Kxf5 Qf6+ 51. Ke4 Qe7 52. f3 Kf8
1-0

[Event "Burlington op"]
[Site "Burlington CAN"]
[Date "1996.??.??"]
[Round "?"]
[White "Bidal, Jay"]
[Black "Gasparac, Marijan"]
[Result "1-0"]
[WhiteElo "2288"]
[BlackElo "2011"]
[PlyCount "97"]
[EventDate "1996.??.??"]
[EventType "swiss"]
[EventRounds "5"]
[EventCountry "CAN"]

1. f4 d5 2. g3 Nf6 3. Bg2 c5 4. d3 Bf5 5. c3 e6 6. Nh3 Nc6 7. Na3 Be7 8. Nf2
O-O 9. O-O Rb8 10. Nc2 h6 11. Bd2 Qd7 12. e4 dxe4 13. dxe4 Bg6 14. Qe2 Rfd8 15.
Rad1 Qe8 16. Ne3 b5 17. g4 Bf8 18. h4 Ne7 19. f5 exf5 20. exf5 Bh7 21. g5 hxg5
22. hxg5 Nxf5 23. gxf6 Ng3 24. Qg4 Nxf1 25. Nxf1 Qe5 26. Re1 Qf5 27. fxg7 Bxg7
28. Qe2 Bg6 29. Ne3 Qh5 30. Bf3 Qh4 31. Ng2 Qa4 32. Bf4 Re8 33. Qxe8+ Rxe8 34.
Rxe8+ Kh7 35. Nh3 Bf6 36. Ne3 b4 37. Ng4 Bh4 38. Ng5+ Bxg5 39. Bxg5 Bc2 40.
Nf6+ Kg6 41. Rg8+ Kf5 42. Bg4+ Ke5 43. Re8+ Qxe8 44. Nxe8 f5 45. Bf3 a5 46. Be7
bxc3 47. bxc3 c4 48. Kf2 a4 49. a3 1-0

[Event "Burlington-Brantford m"]
[Site "Brantford CAN"]
[Date "1996.??.??"]
[Round "?"]
[White "Stonkus, Raymond"]
[Black "Ficzere, Tony"]
[Result "0-1"]
[WhiteElo "1911"]
[BlackElo "1929"]
[PlyCount "56"]
[EventDate "1996.??.??"]
[EventType "team"]
[EventRounds "1"]
[EventCountry "CAN"]

1. e4 c5 2. Nf3 Nc6 3. c3 d6 4. Bd3 Nf6 5. O-O g6 6. Bc2 Bg7 7. d3 O-O 8. Nbd2
Qc7 9. Re1 b5 10. Nf1 Bb7 11. Ng3 b4 12. d4 bxc3 13. bxc3 Nd7 14. Bg5 Rfe8 15.
Re2 Rab8 16. Qd2 Ba6 17. Bd3 c4 18. Bc2 Qa5 19. Rc1 Qxa2 20. Bh6 Rb2 21. Bxg7
Kxg7 22. e5 dxe5 23. d5 Na5 24. Qe3 Nb3 25. Bxb3 Qxb3 26. Nxe5 Rxe2 27. Nxe2
Nf6 28. Qxa7 Bb7 0-1

[Event "CAN-ch"]
[Site "Toronto CAN"]
[Date "1996.08.14"]
[Round "1"]
[White "Day, Lawrence"]
[Black "Baragar, Fletcher"]
[Result "1-0"]
[WhiteElo "2400"]
[BlackElo "2305"]
[PlyCount "79"]
[EventDate "1996.08.14"]
[EventType "tourn"]
[EventRounds "15"]
[EventCountry "CAN"]
[EventCategory "4"]
[Source "CFC"]
[SourceDate "2002.12.??"]

1. e4 e6 2. Qe2 c5 3. Nf3 Nc6 4. g3 g6 5. Na3 Bg7 6. Nb5 d6 7. Qd3 Ke7 8. Qe2
a6 9. Na3 Bd7 10. c3 Rc8 11. Nc2 Qb6 12. Bg2 h5 13. O-O Nh6 14. d3 Rhe8 15. Rb1
Kf8 16. h3 Kg8 17. Be3 Qd8 18. Qd2 Kh7 19. d4 cxd4 20. Ncxd4 Nxd4 21. Bxd4 f6
22. Be3 Nf7 23. Rfd1 Qa5 24. Ra1 b5 25. Bf4 e5 26. Be3 Be6 27. Ne1 Qc7 28. Rdc1
Qd7 29. Kh2 Red8 30. Nc2 a5 31. Bb6 Ng5 32. h4 Nf7 33. Bxd8 Rxd8 34. Ne3 Bh6
35. Re1 f5 36. exf5 gxf5 37. Qe2 f4 38. Nd5 Bg7 39. Nxf4 Bg4 40. Qd3+ 1-0

[Event "CAN-ch"]
[Site "Toronto CAN"]
[Date "1996.08.14"]
[Round "1"]
[White "Jung, Hans"]
[Black "Teodoro, Eduardo"]
[Result "0-1"]
[WhiteElo "2215"]
[BlackElo "2290"]
[PlyCount "68"]
[EventDate "1996.08.14"]
[EventType "tourn"]
[EventRounds "15"]
[EventCountry "CAN"]
[EventCategory "4"]

1. e4 c5 2. Nf3 Nc6 3. h3 Nf6 4. e5 Nd5 5. Bc4 e6 6. Bxd5 exd5 7. d4 d6 8. exd6
Bxd6 9. O-O O-O 10. Be3 c4 11. b3 Bf5 12. c3 b5 13. a4 Na5 14. Nbd2 b4 15. cxb4
Bxb4 16. bxc4 dxc4 17. Ne5 c3 18. Qf3 Bc2 19. Rfc1 Bg6 20. Ndc4 Nb3 21. Nc6 Qc8
22. Rab1 Nxc1 23. Rxb4 Qe8 24. N4e5 Nd3 25. Nxg6 fxg6 26. Qd5+ Kh8 27. Rb3 Rc8
28. Rxc3 Nb4 29. Nxb4 Rxc3 30. Qa5 Rxe3 31. fxe3 Qxe3+ 32. Kh2 Qf4+ 33. Kh1 Qd6
34. Qb5 Rb8 0-1

[Event "CAN-ch"]
[Site "Toronto CAN"]
[Date "1996.08.15"]
[Round "2"]
[White "Gravel, Simon M"]
[Black "Frialde, Arniel"]
[Result "1/2-1/2"]
[WhiteElo "2452"]
[BlackElo "2332"]
[PlyCount "105"]
[EventDate "1996.08.14"]
[EventType "tourn"]
[EventRounds "15"]
[EventCountry "CAN"]
[EventCategory "4"]

1. e4 g6 2. d4 Bg7 3. Nf3 c6 4. Nc3 d5 5. Be2 Bg4 6. Be3 e6 7. O-O Nf6 8. e5
Nfd7 9. Qd2 Bxf3 10. Bxf3 c5 11. Bg5 Qb6 12. Na4 Qa6 13. Nxc5 Nxc5 14. dxc5 Nd7
15. a4 Nxe5 16. Be2 Nc4 17. Qf4 O-O 18. Bf6 Bxf6 19. Qxf6 Qa5 20. Qd4 Rfc8 21.
b3 Qd2 22. Bd3 Na5 23. Rad1 Nc6 24. Rxd2 Nxd4 25. Bxg6 hxg6 26. Rxd4 Rxc5 27.
c4 dxc4 28. Rxc4 Rxc4 29. bxc4 Rc8 30. Rc1 Kf8 31. Kf1 Ke7 32. Ke2 Kd6 33. Kd3
Kc5 34. Rb1 Rd8+ 35. Kc3 Kc6 36. h4 e5 37. Re1 f6 38. Re4 Rd6 39. g4 Kd7 40. h5
gxh5 41. gxh5 Ke6 42. f4 Ra6 43. fxe5 Rxa4 44. exf6+ Kxf6 45. Rf4+ Kg5 46. Rf7
b6 47. Rh7 a5 48. Rh8 b5 49. cxb5 Rb4 50. Rb8 Kxh5 51. b6 Kg6 52. b7 Kg7 53.
Ra8 1/2-1/2

[Event "CAN-ch"]
[Site "Toronto CAN"]
[Date "1996.08.15"]
[Round "2"]
[White "Horton, Joe"]
[Black "Taylor, Gordon"]
[Result "0-1"]
[WhiteElo "2325"]
[BlackElo "2340"]
[PlyCount "94"]
[EventDate "1996.08.14"]
[EventType "tourn"]
[EventRounds "15"]
[EventCountry "CAN"]
[EventCategory "4"]

1. g3 d5 2. Bg2 Nf6 3. c4 c5 4. cxd5 Nxd5 5. Nc3 Nc7 6. Nf3 Nc6 7. O-O e5 8. b3
Be7 9. Bb2 O-O 10. Rc1 f6 11. Qc2 Be6 12. Rfd1 Rc8 13. Qb1 Qd7 14. d3 Bh3 15.
e3 Bxg2 16. Kxg2 Ne6 17. Ne2 Ng5 18. Neg1 Nxf3 19. Nxf3 Qd5 20. Qc2 b5 21. Qe2
a6 22. Kg1 Rfd8 23. Rd2 Nb4 24. e4 Qd7 25. Bc3 Nc6 26. Kg2 Qe6 27. Ne1 a5 28.
Rb2 Ra8 29. Nc2 Nd4 30. Qd1 Nxc2 31. Qxc2 Kh8 32. a4 bxa4 33. bxa4 c4 34. Rb5
cxd3 35. Qd2 Rd7 36. Bxa5 Bd8 37. Bxd8 Raxd8 38. a5 Qa6 39. Rb6 Qa8 40. f3 f5
41. Rc4 fxe4 42. fxe4 Rd4 43. Rxd4 Rxd4 44. Kg1 Rd8 45. Rb2 Qxe4 46. a6 Qd4+
47. Kg2 Qxb2 0-1

[Event "CAN-ch"]
[Site "Toronto CAN"]
[Date "1996.08.15"]
[Round "2"]
[White "Livshits, Ron"]
[Black "Jung, Hans"]
[Result "1-0"]
[WhiteElo "2390"]
[BlackElo "2215"]
[PlyCount "79"]
[EventDate "1996.08.14"]
[EventType "tourn"]
[EventRounds "15"]
[EventCountry "CAN"]
[EventCategory "4"]

1. Nf3 c5 2. e4 e6 3. d4 cxd4 4. Nxd4 Nf6 5. Nc3 d6 6. g4 h6 7. h4 g6 8. Rg1 h5
9. gxh5 Rxh5 10. Bg5 Be7 11. Qd2 a6 12. O-O-O Bd7 13. Be2 Rh8 14. f4 Qa5 15.
Bf3 Nc6 16. Kb1 O-O-O 17. Nxc6 Bxc6 18. Nd5 Qxd2 19. Nxe7+ Kd7 20. Rxd2 Nxe4
21. Bxe4 Bxe4 22. Re1 Bf3 23. Re3 Bg4 24. Red3 Bh5 25. c4 Kc7 26. b4 Rhe8 27.
Rc3 Rd7 28. Rcd3 Bg4 29. Kb2 Rexe7 30. Bxe7 Rxe7 31. Rxd6 e5 32. fxe5 Rxe5 33.
R6d5 Re1 34. Rc5+ Kb8 35. Rd8+ Ka7 36. Rc7 Be6 37. c5 Re2+ 38. Kc3 Rxa2 39. c6
Kb6 40. cxb7 1-0

[Event "CAN-ch"]
[Site "Toronto CAN"]
[Date "1996.08.15"]
[Round "2"]
[White "Teodoro, Eduardo"]
[Black "Yoos, John"]
[Result "1-0"]
[WhiteElo "2290"]
[BlackElo "2335"]
[PlyCount "57"]
[EventDate "1996.08.14"]
[EventType "tourn"]
[EventRounds "15"]
[EventCountry "CAN"]
[EventCategory "4"]
[Source "CFC"]
[SourceDate "2002.12.??"]

1. e4 c5 2. Nf3 Nc6 3. d4 cxd4 4. Nxd4 Nf6 5. Nc3 e5 6. Ndb5 d6 7. Bg5 a6 8.
Bxf6 gxf6 9. Na3 b5 10. Nd5 Bg7 11. c3 f5 12. Nxb5 axb5 13. Bxb5 Bd7 14. exf5
O-O 15. Qg4 Kh8 16. O-O Rb8 17. a4 Ne7 18. Qxg7+ Kxg7 19. f6+ Kh8 20. fxe7 Qa5
21. b4 Qa7 22. exf8=Q+ Rxf8 23. Bxd7 Qxd7 24. c4 f5 25. a5 e4 26. a6 Qc6 27.
Rfc1 f4 28. b5 Qc5 29. a7 1-0

[Event "CAN-ch"]
[Site "Toronto CAN"]
[Date "1996.08.16"]
[Round "3"]
[White "Day, Lawrence"]
[Black "Gravel, Simon M"]
[Result "1-0"]
[WhiteElo "2400"]
[BlackElo "2452"]
[PlyCount "63"]
[EventDate "1996.08.14"]
[EventType "tourn"]
[EventRounds "15"]
[EventCountry "CAN"]
[EventCategory "4"]
[Source "CFC"]
[SourceDate "2002.12.??"]

1. e4 e5 2. f4 exf4 3. Nf3 d5 4. exd5 Nf6 5. Bc4 Nxd5 6. O-O Be6 7. Qe2 Be7 8.
Nc3 Nc6 9. Bxd5 Bxd5 10. d3 O-O 11. Bxf4 Bf6 12. Nxd5 Qxd5 13. c3 Rfe8 14. Qd2
Ne5 15. Bxe5 Bxe5 16. d4 Bf6 17. Qf2 Re4 18. Nd2 Rxd4 19. Nb3 Rd3 20. Rae1 b6
21. Qe2 h6 22. Rxf6 gxf6 23. Nd4 Rxd4 24. cxd4 Qxd4+ 25. Kh1 Rd8 26. h3 Rd5 27.
Qe8+ Kg7 28. Re7 Kg6 29. Qxf7+ Kg5 30. Qg8+ Kh4 31. Qg6 Qf4 32. g3+ 1-0

[Event "CAN-ch"]
[Site "Toronto CAN"]
[Date "1996.08.16"]
[Round "3"]
[White "Frialde, Arniel"]
[Black "Leveille, Francois"]
[Result "1/2-1/2"]
[WhiteElo "2332"]
[BlackElo "2350"]
[PlyCount "178"]
[EventDate "1996.08.14"]
[EventType "tourn"]
[EventRounds "15"]
[EventCountry "CAN"]
[EventCategory "4"]

1. Nf3 d5 2. d4 Nf6 3. Bf4 c5 4. c3 cxd4 5. cxd4 Nc6 6. Nc3 Bf5 7. Qb3 Na5 8.
Qa4+ Bd7 9. Qc2 Rc8 10. e3 e6 11. Bd3 Nc4 12. O-O Qa5 13. Ne5 Nb6 14. Qe2 Bb4
15. Bg5 Bxc3 16. bxc3 Qxc3 17. Qf3 Ke7 18. Ng4 Qxd3 19. Nxf6 Qg6 20. Nxd5+ Ke8
21. Nxb6 axb6 22. Qf4 Bc6 23. f3 h6 24. Bh4 Kf8 25. Rab1 Qc2 26. Rbc1 Qxa2 27.
e4 Qa4 28. Rfd1 Kg8 29. d5 exd5 30. Qg4 f5 31. Qxf5 Rf8 32. Qe6+ Kh7 33. Be7
dxe4 34. Bxf8 Rxf8 35. fxe4 Qxe4 36. Qxe4+ Bxe4 37. Rd4 Bc6 38. Re1 Ra8 39. Re2
Ra1+ 40. Kf2 b5 41. h4 Rc1 42. h5 Rc5 43. g4 Rc4 44. Red2 g6 45. hxg6+ Kxg6 46.
Kg3 h5 47. Rxc4 bxc4 48. Rd4 hxg4 49. Rxg4+ Kf5 50. Rxc4 Ke5 51. Kf2 Kd5 52.
Rc1 Kd4 53. Ke2 Bb5+ 54. Kd2 Bc6 55. Rc3 Be4 56. Rc1 Bc6 57. Rc2 Be4 58. Rc3
Bc6 59. Kc2 Ba4+ 60. Kb2 Bc6 61. Kb3 Bd5+ 62. Kb4 Bc6 63. Rc1 Kd3 64. Rd1+ Ke4
65. Kc4 Ke5 66. Kc5 Ke4 67. Re1+ Kf5 68. Kd6 Kf4 69. Re7 Kf5 70. Re5+ Kf4 71.
Ke6 Bd7+ 72. Kf6 Bc6 73. Ke6 Bd7+ 74. Kd6 Bc6 75. Re7 Kf5 76. Kc5 Kf4 77. Kd4
Kf5 78. Re1 Kf6 79. Rf1+ Ke6 80. Kc5 Ke5 81. Re1+ Kf5 82. Kd4 Kf6 83. Re5 Bh1
84. Rh5 Bc6 85. Rh6+ Kf5 86. Ke3 Ke5 87. Rh5+ Ke6 88. Kd4 Kf6 89. Ke3 Ke6
1/2-1/2

[Event "CAN-ch"]
[Site "Toronto CAN"]
[Date "1996.08.16"]
[Round "3"]
[White "Yoos, John"]
[Black "Livshits, Ron"]
[Result "1/2-1/2"]
[WhiteElo "2335"]
[BlackElo "2390"]
[PlyCount "94"]
[EventDate "1996.08.14"]
[EventType "tourn"]
[EventRounds "15"]
[EventCountry "CAN"]
[EventCategory "4"]
[Source "CFC"]
[SourceDate "2002.12.??"]

1. e4 c5 2. Nf3 Nc6 3. d4 cxd4 4. Nxd4 Qb6 5. Nb3 e6 6. Nc3 Nf6 7. Bd3 d6 8.
Bf4 a6 9. Qd2 Qc7 10. O-O-O Be7 11. Be2 e5 12. Bg5 Be6 13. Bxf6 gxf6 14. Nd5
Bxd5 15. exd5 Nb8 16. Qh6 a5 17. Qg7 Rf8 18. Nd2 a4 19. a3 Ra5 20. Ne4 f5 21.
Nc3 Rc5 22. Bb5+ Kd8 23. Rd3 Qa5 24. Qxh7 e4 25. Rg3 Rxc3 26. Rxc3 Bf6 27. Qh6
Ke7 28. b4 Qxb5 29. Rc7+ Nd7 30. c4 Qa6 31. b5 Qb6 32. Rxd7+ Kxd7 33. Qxf6 Qxf2
34. Kb1 Qe3 35. Qxf5+ Kc7 36. Qf6 Qd3+ 37. Ka1 Qxa3+ 38. Kb1 Qd3+ 39. Ka1 Rd8
40. b6+ Kc8 41. Rc1 Qa3+ 42. Kb1 Qb4+ 43. Ka1 e3 44. Qxf7 Qxb6 45. Qe6+ Kb8 46.
c5 Qb3 47. c6 Qa3+ 1/2-1/2

[Event "CAN-ch"]
[Site "Toronto CAN"]
[Date "1996.08.17"]
[Round "4"]
[White "Horton, Joe"]
[Black "Frialde, Arniel"]
[Result "1/2-1/2"]
[WhiteElo "2325"]
[BlackElo "2332"]
[PlyCount "73"]
[EventDate "1996.08.14"]
[EventType "tourn"]
[EventRounds "15"]
[EventCountry "CAN"]
[EventCategory "4"]
[Source "CFC"]
[SourceDate "2002.12.??"]

1. g3 g6 2. Bg2 Bg7 3. c4 e5 4. Nc3 d6 5. Nf3 f5 6. d3 Nf6 7. Bd2 O-O 8. Qc1
Nc6 9. O-O a5 10. Nd5 e4 11. dxe4 fxe4 12. Ng5 Nd4 13. Re1 Bg4 14. Nxf6+ Bxf6
15. Nxe4 Nxe2+ 16. Rxe2 Bxe2 17. Nxf6+ Qxf6 18. Bd5+ Rf7 19. Bxf7+ Qxf7 20. Bc3
Bf3 21. Qd2 Re8 22. Qd4 Re5 23. Re1 Rxe1+ 24. Bxe1 Qf5 25. Qe3 Bc6 26. Bc3 Kf7
27. Kf1 Qb1+ 28. Ke2 Qc2+ 29. Ke1 a4 30. Qh6 Be4 31. Qxh7+ Ke8 32. Qg8+ Kd7 33.
Qf7+ Kc6 34. Qe8+ Kb6 35. Bd4+ c5 36. Qd8+ Ka7 37. Qa5+ 1/2-1/2

[Event "CAN-ch"]
[Site "Toronto CAN"]
[Date "1996.08.17"]
[Round "4"]
[White "Jung, Hans"]
[Black "Yoos, John"]
[Result "1-0"]
[WhiteElo "2215"]
[BlackElo "2335"]
[PlyCount "69"]
[EventDate "1996.08.14"]
[EventType "tourn"]
[EventRounds "15"]
[EventCountry "CAN"]
[EventCategory "4"]

1. e4 c5 2. d4 cxd4 3. c3 Nf6 4. e5 Nd5 5. Qxd4 e6 6. Nf3 Nc6 7. Qg4 d6 8. Bb5
dxe5 9. Nxe5 Qc7 10. Nxc6 bxc6 11. Be2 f5 12. Qd4 e5 13. Qh4 Be6 14. O-O Bd6
15. Bh5+ Bf7 16. Bxf7+ Qxf7 17. Qa4 Rc8 18. Nd2 O-O 19. Rd1 Bb8 20. c4 Nf6 21.
Qc2 Qh5 22. Nf1 e4 23. Be3 f4 24. Bd4 Rce8 25. Re1 Ng4 26. h3 f3 27. hxg4 Qxg4
28. Ng3 fxg2 29. Rxe4 Rxe4 30. Qxe4 Qh3 31. Qe7 Qh6 32. Bc5 Rc8 33. Qd7 Rf8 34.
Bxf8 Bxg3 35. Qxg7+ 1-0

[Event "CAN-ch"]
[Site "Toronto CAN"]
[Date "1996.08.17"]
[Round "4"]
[White "Livshits, Ron"]
[Black "Taylor, Gordon"]
[Result "1-0"]
[WhiteElo "2390"]
[BlackElo "2340"]
[PlyCount "113"]
[EventDate "1996.08.14"]
[EventType "tourn"]
[EventRounds "15"]
[EventCountry "CAN"]
[EventCategory "4"]

1. d4 Nf6 2. c4 e6 3. Nf3 d5 4. Bg5 h6 5. Bxf6 Qxf6 6. Nc3 c6 7. e3 g6 8. Rc1
Qd8 9. Be2 Bg7 10. O-O O-O 11. cxd5 cxd5 12. b4 Nc6 13. a3 Bd7 14. Na4 Qe7 15.
Nc5 Rfb8 16. Qd2 Be8 17. Rfd1 Nd8 18. Qa2 Rc8 19. b5 b6 20. Na6 Nb7 21. a4 Na5
22. g3 Bf8 23. Qb1 Qd8 24. h4 Bd6 25. Kg2 Qe7 26. Re1 Rxc1 27. Rxc1 Bd7 28. e4
dxe4 29. Qxe4 Rc8 30. Re1 Qf6 31. Ne5 Be8 32. Qe3 h5 33. Bd3 Kg7 34. Kg1 Rc3
35. Qd2 Rc8 36. Qb2 Kg8 37. Re3 Qd8 38. Bf1 Be7 39. Rf3 Qd6 40. Rf4 Qa3 41. Qe2
Qd6 42. Bh3 Nb3 43. Nxg6 Rc1+ 44. Kh2 fxg6 45. Bxe6+ Kg7 46. Bxb3 Rc3 47. Ba2
Ra3 48. Re4 Kf8 49. Rf4+ Kg7 50. Qc4 Rxa2 51. Qxa2 Bf6 52. Qc4 Bf7 53. Qc6 Be7
54. Nc7 Qxc6 55. bxc6 Bd6 56. Rxf7+ Kxf7 57. Nb5 1-0